[Event "27th Klatovy B 2019"]
[Site "Klatovy CZE"]
[Date "2019.06.29"]
[Round "1.28"]
[White "Stanke, Vilem"]
[Black "Rychlik, Zdenek"]
[Result "0-1"]
[WhiteElo "1371"]
[BlackElo "1721"]
[PlyCount "74"]
[EventDate "2019.06.29"]
[EventType "swiss"]
[EventRounds "9"]
[EventCountry "CZE"]

1. e4 e5 2. Nf3 Nc6 3. d4 exd4 4. Nxd4 Nf6 5. Nc3 d6 6. Be2 Bd7 7. Bg5 Be7 8. Be3 O-O 9. Bb5 Nxd4 10. Bxd7 Nxc2+ 11. Qxc2 Qxd7 12. O-O-O Qe8 13. f3 c6 14. Rhe1 b5 15. a3 a5 16. f4 Qb8 17. b4 axb4 18. axb4 Ra1+ 19. Kd2 Rxd1+ 20. Rxd1 Ng4 21. h3 Nxe3 22. Kxe3 Bf6 23. g3 Re8 24. Kf3 Rc8 25. h4 h5 26. Qd3 Bxc3 27. Qxc3 c5 28. bxc5 dxc5 29. Rd5 g6 30. Rxc5 Rxc5 31. Qxc5 b4 32. Qc2 b3 33. Qb2 Qb4 34. e5 Qa4 35. Qd2 Qa3 36. Qd8+ Kh7 37. Qb8 b2+ 0-1

[Event "27th Klatovy B 2019"]
[Site "Klatovy CZE"]
[Date "2019.06.29"]
[Round "1.29"]
[White "Cyron, Karel"]
[Black "Martinkova, Magdalena"]
[Result "1-0"]
[WhiteElo "1720"]
[BlackElo "1359"]
[PlyCount "69"]
[EventDate "2019.06.29"]
[EventType "swiss"]
[EventRounds "9"]
[EventCountry "CZE"]

1. e4 e5 2. Nf3 Nc6 3. Bb5 a6 4. Ba4 Nf6 5. O-O b5 6. Bb3 Be7 7. Re1 O-O 8. d4 d6 9. c3 Bg4 10. Be3 Qd7 11. Nbd2 Rae8 12. a4 Bd8 13. axb5 axb5 14. Qe2 exd4 15. cxd4 Nxe4 16. Qxb5 Nxd2 17. Nxd2 Bf6 18. Ba4 Nb8 19. Qc4 c6 20. d5 Rc8 21. Rac1 Bxb2 22. Rc2 Bf6 23. dxc6 Qe6 24. Ne4 Bf5 25. Nxf6+ Qxf6 26. Bd4 Qg6 27. Rc3 Rfe8 28. Ree3 d5 29. Qe2 Rxe3 30. Rxe3 Be6 31. Qb2 Qh6 32. Qb7 f5 33. c7 Qf4 34. cxb8=Q Rxb8 35. Qxg7# 1-0

[Event "27th Klatovy B 2019"]
[Site "Klatovy CZE"]
[Date "2019.06.29"]
[Round "1.30"]
[White "Veverkova, Dorota"]
[Black "Zak, Jiri1"]
[Result "0-1"]
[WhiteElo "1348"]
[BlackElo "1717"]
[PlyCount "86"]
[EventDate "2019.06.29"]
[EventType "swiss"]
[EventRounds "9"]
[EventCountry "CZE"]

1. e4 c5 2. c3 e6 3. d4 d5 4. Bd3 dxe4 5. Bxe4 Nf6 6. Bc2 a6 7. Nf3 Nc6 8. Bf4 b5 9. O-O Be7 10. Re1 O-O 11. Be3 Nd5 12. dxc5 Nxe3 13. Qxd8 Rxd8 14. Rxe3 Bxc5 15. Re1 Ra7 16. Nbd2 Rad7 17. Rad1 b4 18. Ne4 Be7 19. Rxd7 Bxd7 20. Rd1 bxc3 21. Nxc3 Bf6 22. Ba4 Nb8 23. Bxd7 Rxd7 24. Kf1 Kf8 25. Ke2 Ke8 26. Rxd7 Nxd7 27. Kd3 Nc5+ 28. Kc4 Nb7 29. b4 Bxc3 30. Kxc3 f6 31. a4 Kd7 32. Kc4 Kc7 33. Nd4 Nd6+ 34. Kc3 e5 35. Ne6+ Kc6 36. Nxg7 Ne4+ 37. Kc4 Nxf2 38. b5+ axb5+ 39. axb5+ Kb6 40. Ne8 Ne4 41. Kb4 f5 42. Ng7 Nd6 43. g3 e4 0-1

[Event "27th Klatovy B 2019"]
[Site "Klatovy CZE"]
[Date "2019.06.29"]
[Round "1.31"]
[White "Durchan, Milan 1961"]
[Black "Vojir, Vaclav 2005"]
[Result "1-0"]
[WhiteElo "1713"]
[BlackElo "1337"]
[PlyCount "71"]
[EventDate "2019.06.29"]
[EventType "swiss"]
[EventRounds "9"]
[EventCountry "CZE"]

1. f4 Nc6 2. Nf3 d6 3. g3 Nf6 4. Bg2 g6 5. d3 Bg7 6. O-O Bg4 7. Nbd2 Qd7 8. e4 e5 9. fxe5 dxe5 10. Nc4 Bxf3 11. Bxf3 O-O-O 12. Bg5 Kb8 13. Bxf6 Bxf6 14. Bg4 Qe7 15. Qf3 Qc5+ 16. Qf2 Be7 17. Qxc5 Bxc5+ 18. Kg2 Rhf8 19. Rf6 h5 20. Be2 b5 21. Nd2 Kb7 22. c3 Be3 23. Nb3 Bg5 24. Rf3 b4 25. Raf1 f6 26. h4 Bh6 27. Rxf6 Rxf6 28. Rxf6 Rd6 29. Rf7 a5 30. Nc5+ Kb6 31. Nd7+ Kb5 32. Nf6 Bc1 33. c4+ Kc5 34. b3 Nd4 35. Bf1 c6 36. Nd7+ 1-0

[Event "27th Klatovy B 2019"]
[Site "Klatovy CZE"]
[Date "2019.06.29"]
[Round "1.32"]
[White "Langmajerova, Jana"]
[Black "Skuthan, Radek"]
[Result "0-1"]
[WhiteElo "1336"]
[BlackElo "1702"]
[PlyCount "96"]
[EventDate "2019.06.29"]
[EventType "swiss"]
[EventRounds "9"]
[EventCountry "CZE"]

1. e4 c5 2. Nf3 e6 3. d4 cxd4 4. Nxd4 Nf6 5. Nc3 Qc7 6. Be3 a6 7. a3 Nc6 8. Be2 Be7 9. O-O O-O 10. Qd2 b5 11. Rad1 Bb7 12. Bf3 Rac8 13. Rfe1 Rfd8 14. Bg5 Ne5 15. Be2 h6 16. Bf4 d6 17. Qe3 Nc4 18. Bxc4 Qxc4 19. Nf3 b4 20. Rd4 Qc6 21. Rxb4 d5 22. Rb6 d4 23. Rxc6 dxe3 24. Rxc8 exf2+ 25. Kxf2 Rxc8 26. e5 Nd5 27. Bd2 Bc5+ 28. Ke2 Nxc3+ 29. Bxc3 Bxa3 30. Rd1 Be4 31. Rd2 g5 32. h3 Bf8 33. Ke3 Bd5 34. g4 Rc4 35. Bd4 Bb4 36. c3 Bc5 37. b3 Bxd4+ 38. cxd4 Rc3+ 39. Rd3 Rxd3+ 40. Kxd3 Bxf3 41. Ke3 Bg2 42. Kf2 Bxh3 43. Kg3 Bf1 44. b4 Be2 45. Kh3 Kf8 46. Kg3 Ke7 47. Kf2 Bxg4 48. Ke3 h5 0-1

[Event "27th Klatovy B 2019"]
[Site "Klatovy CZE"]
[Date "2019.06.29"]
[Round "1.33"]
[White "Sefrna, Frantisek"]
[Black "Pozar, Pavel"]
[Result "1-0"]
[WhiteElo "1700"]
[BlackElo "1329"]
[PlyCount "33"]
[EventDate "2019.06.29"]
[EventType "swiss"]
[EventRounds "9"]
[EventCountry "CZE"]

1. e4 e5 2. Nc3 Bc5 3. Bc4 Nf6 4. d3 O-O 5. Nge2 d6 6. O-O c6 7. Bg5 Nbd7 8. Kh1 h6 9. Bh4 Re8 10. f4 Nf8 11. fxe5 dxe5 12. Bxf6 gxf6 13. Ng3 Ng6 14. Qh5 b5 15. Qxg6+ Kh8 16. Bxf7 Re7 17. Qxh6# 1-0

[Event "27th Klatovy B 2019"]
[Site "Klatovy CZE"]
[Date "2019.06.29"]
[Round "1.34"]
[White "Dobsa, Emma"]
[Black "Spackova, Martina 1992"]
[Result "0-1"]
[WhiteElo "1325"]
[BlackElo "1688"]
[PlyCount "52"]
[EventDate "2019.06.29"]
[EventType "swiss"]
[EventRounds "9"]
[EventCountry "CZE"]

1. e4 e5 2. Nf3 Nc6 3. Bc4 Nf6 4. d3 Be7 5. O-O d6 6. a4 Bg4 7. h3 Bh5 8. Nbd2 Nd4 9. c3 Nxf3+ 10. Nxf3 h6 11. Be3 Nh7 12. d4 exd4 13. cxd4 Bg5 14. Bxg5 Nxg5 15. Be2 Nxe4 16. Re1 O-O 17. Qc2 d5 18. Bd3 f5 19. Qb3 Bxf3 20. gxf3 Qg5+ 21. Kh2 Qf4+ 22. Kg2 Qg5+ 23. Kh2 Nxf2 24. Qxd5+ Kh8 25. Bf1 Rf6 26. Bc4 Rg6 0-1

[Event "27th Klatovy B 2019"]
[Site "Klatovy CZE"]
[Date "2019.06.29"]
[Round "1.35"]
[White "Sova, Zdenek"]
[Black "Filip, Petr 1952"]
[Result "1-0"]
[WhiteElo "1687"]
[BlackElo "1324"]
[PlyCount "65"]
[EventDate "2019.06.29"]
[EventType "swiss"]
[EventRounds "9"]
[EventCountry "CZE"]

1. Nf3 Nf6 2. d4 d6 3. c4 b6 4. g3 Bb7 5. Bg2 Ne4 6. O-O Nd7 7. Nbd2 d5 8. Qa4 a6 9. Ne5 b5 10. cxb5 Nb6 11. Qb3 e6 12. bxa6 Rxa6 13. Nxe4 dxe4 14. Bxe4 Ba8 15. Qb5+ Ke7 16. Bxa8 Qxa8 17. Nc6+ Kd7 18. Nb8+ Kc8 19. Nxa6 Be7 20. Bf4 Qd5 21. Qxd5 Nxd5 22. Rac1 Nxf4 23. Rxc7+ Kd8 24. gxf4 Bd6 25. Ra7 Rf8 26. Ra8+ Ke7 27. Rxf8 Kxf8 28. e3 f6 29. Rc1 e5 30. dxe5 fxe5 31. fxe5 Bxe5 32. b3 h6 33. a4 1-0

[Event "27th Klatovy B 2019"]
[Site "Klatovy CZE"]
[Date "2019.06.29"]
[Round "1.36"]
[White "Havelkova, Beata"]
[Black "Vavrinek, Tomas"]
[Result "0-1"]
[WhiteElo "1316"]
[BlackElo "1686"]
[PlyCount "64"]
[EventDate "2019.06.29"]
[EventType "swiss"]
[EventRounds "9"]
[EventCountry "CZE"]

1. e4 c5 2. c3 d5 3. exd5 Qxd5 4. d4 cxd4 5. cxd4 Nc6 6. Nf3 e6 7. Nc3 Bb4 8. Bd2 Bxc3 9. Bxc3 Nf6 10. Be2 O-O 11. O-O b5 12. Ne5 Bb7 13. Bf3 Ne4 14. Nxc6 Bxc6 15. Bb4 Rfd8 16. Bc5 e5 17. Re1 f5 18. Qc2 exd4 19. Rad1 d3 20. Qb3 Qxb3 21. axb3 d2 22. Re2 Nxc5 23. Bxc6 Rac8 24. Bxb5 Nxb3 25. Ba4 Nc5 26. Bc2 Ne4 27. Bb3+ Kf8 28. f3 Rb8 29. fxe4 Rxb3 30. Rdxd2 Rxd2 31. Rxd2 fxe4 32. Kf2 e3+ 0-1

[Event "27th Klatovy B 2019"]
[Site "Klatovy CZE"]
[Date "2019.06.29"]
[Round "1.37"]
[White "Vavrousek, Petr"]
[Black "Martinek, Lukas"]
[Result "0-1"]
[WhiteElo "1686"]
[BlackElo "1301"]
[PlyCount "97"]
[EventDate "2019.06.29"]
[EventType "swiss"]
[EventRounds "9"]
[EventCountry "CZE"]

1. e4 e5 2. Nf3 Nc6 3. Bc4 Nf6 4. d3 Bc5 5. c3 Bb6 6. b4 d6 7. a4 a5 8. b5 Ne7 9. Bg5 Ng6 10. Nbd2 h6 11. Bxf6 Qxf6 12. O-O O-O 13. h3 Be6 14. Nh2 Nf4 15. Qf3 Rad8 16. Ng4 Qg6 17. Kh2 Kh8 18. Ne3 Qg5 19. Rad1 Rd7 20. Bxe6 fxe6 21. Ndc4 Rdf7 22. Qg4 Qxg4 23. Nxg4 Ne2 24. Nxb6 cxb6 25. c4 Nc3 26. Rd2 Nxa4 27. f3 Nc5 28. Rb1 h5 29. Ne3 Rd8 30. Kg1 g6 31. Kf2 Kg7 32. Ke2 Rfd7 33. Ra2 Re7 34. Rd2 Nd7 35. Rbd1 Nf6 36. d4 exd4 37. Rxd4 Red7 38. f4 Kf7 39. e5 dxe5 40. Rxd7+ Rxd7 41. fxe5 Rxd1 42. Kxd1 Nd7 43. g4 Nxe5 44. Kd2 hxg4 45. hxg4 Kf6 46. Kc3 Kg5 47. c5 bxc5 48. Nc4 Nxc4 49. Kxc4 0-1

[Event "27th Klatovy B 2019"]
[Site "Klatovy CZE"]
[Date "2019.06.29"]
[Round "1.38"]
[White "Lhotsky, Zdenek 1966"]
[Black "Skutil, Frantisek"]
[Result "1-0"]
[WhiteElo "1285"]
[BlackElo "1681"]
[PlyCount "67"]
[EventDate "2019.06.29"]
[EventType "swiss"]
[EventRounds "9"]
[EventCountry "CZE"]

1. e4 c5 2. Nf3 g6 3. c3 Bg7 4. d4 cxd4 5. Nxd4 Nc6 6. Be3 Nf6 7. Nd2 a6 8. a4 d6 9. h3 Bd7 10. Bc4 Ne5 11. Bb3 Nd3+ 12. Ke2 Nc5 13. Bc2 e5 14. N4f3 Qc7 15. Re1 O-O 16. Kf1 Nh5 17. Nc4 Rad8 18. Qxd6 Qxd6 19. Nxd6 Ne6 20. Rad1 Bc6 21. Ng5 Nxg5 22. Bxg5 Nf6 23. f3 h6 24. Be3 Ne8 25. Nc4 Rxd1 26. Rxd1 f5 27. Bc5 Rf7 28. Na5 fxe4 29. Bb3 exf3 30. Bxf7+ Kxf7 31. Nxc6 fxg2+ 32. Kxg2 bxc6 33. Rd7+ Kf6 34. Ra7 1-0

[Event "27th Klatovy B 2019"]
[Site "Klatovy CZE"]
[Date "2019.06.29"]
[Round "1.39"]
[White "Day, Tobias"]
[Black "Zelba, Lukas"]
[Result "0-1"]
[WhiteElo "1680"]
[BlackElo "1274"]
[PlyCount "114"]
[EventDate "2019.06.29"]
[EventType "swiss"]
[EventRounds "9"]
[EventCountry "CZE"]

1. e4 c5 2. Nf3 e6 3. d4 cxd4 4. Nxd4 a6 5. Nc3 Qc7 6. Be3 Bb4 7. Qd3 Nf6 8. f3 d5 9. a3 Bxc3+ 10. bxc3 dxe4 11. fxe4 Nxe4 12. Qxe4 Qxc3+ 13. Kf2 f5 14. Qf4 Nc6 15. Nxc6 Qxa1 16. Qd6 Qf6 17. Bc4 bxc6 18. Qxc6+ Kf7 19. Qxa8 Qh4+ 20. g3 Qxc4 21. Qa7+ Kg6 22. Rd1 Qxc2+ 23. Rd2 Qe4 24. Qe7 h6 25. Bd4 Rg8 26. Bxg7 Rxg7 27. Qe8+ Kh7 28. Qxc8 f4 29. Qc2 fxg3+ 30. hxg3 Rf7+ 31. Kg1 Qxc2 32. Rxc2 Rf3 33. Rc7+ Kg6 34. Rc6 Rxg3+ 35. Kf2 Rxa3 36. Rxe6+ Kg5 37. Re5+ Kg4 38. Re6 h5 39. Rg6+ Kf5 40. Rh6 Kg5 41. Rh8 h4 42. Rg8+ Kf4 43. Rf8+ Kg4 44. Rg8+ Kh3 45. Rg1 Ra2+ 46. Kf3 Kh2 47. Rb1 a5 48. Rc1 h3 49. Rb1 a4 50. Rc1 Ra3+ 51. Kf2 Rg3 52. Ra1 a3 53. Rb1 a2 54. Ra1 Rg2+ 55. Kf3 Rb2 56. Re1 Rb3+ 57. Kf2 Rb1 0-1

[Event "27th Klatovy B 2019"]
[Site "Klatovy CZE"]
[Date "2019.06.29"]
[Round "1.40"]
[White "Skopkova, Marcela"]
[Black "Soucek, Petr"]
[Result "0-1"]
[WhiteElo "1263"]
[BlackElo "1679"]
[PlyCount "60"]
[EventDate "2019.06.29"]
[EventType "swiss"]
[EventRounds "9"]
[EventCountry "CZE"]

1. c4 Nf6 2. Nc3 d5 3. e3 g6 4. d4 Bg7 5. Nf3 O-O 6. Bd2 Bg4 7. c5 Nc6 8. Be2 b6 9. cxb6 axb6 10. a3 Bxf3 11. Bxf3 e5 12. dxe5 Nxe5 13. O-O Qd7 14. Be2 Rad8 15. Qc2 c5 16. Qa4 Qe6 17. f4 Neg4 18. Rf3 d4 19. exd4 cxd4 20. Bc4 Qf5 21. Ne2 d3 22. Ng3 Qc5+ 23. Kh1 Nf2+ 24. Rxf2 Qxf2 25. Rd1 h5 26. Qb3 h4 27. Nf1 Ne4 28. Bxd3 Nc5 29. Be3 Qxe3 30. Nxe3 Nxb3 0-1

[Event "27th Klatovy B 2019"]
[Site "Klatovy CZE"]
[Date "2019.06.29"]
[Round "1.41"]
[White "Matlocha, Lubomir"]
[Black "Devera, Filip"]
[Result "1-0"]
[WhiteElo "1663"]
[BlackElo "1253"]
[PlyCount "97"]
[EventDate "2019.06.29"]
[EventType "swiss"]
[EventRounds "9"]
[EventCountry "CZE"]

1. d4 e6 2. c4 d5 3. Nc3 c5 4. e3 Nc6 5. Nf3 Nf6 6. a3 cxd4 7. exd4 Be7 8. Bd3 b6 9. O-O dxc4 10. Bxc4 Bb7 11. Re1 O-O 12. h3 Rc8 13. Ba2 Na5 14. Be3 Nc4 15. Bxc4 Rxc4 16. Rc1 a6 17. Ne5 Rc7 18. f3 Qc8 19. Na4 Nd5 20. Qd2 Rd8 21. Rxc7 Qxc7 22. Rc1 Qd6 23. Bf2 h6 24. Nc4 Qb8 25. Ncxb6 Bg5 26. Qd1 Bxc1 27. Qxc1 Nxb6 28. Nxb6 Rd6 29. Bg3 Qd8 30. Bxd6 Qxd6 31. Qc5 Qg3 32. Qe5 Qxe5 33. dxe5 Kf8 34. Kf2 Ke7 35. Ke3 f6 36. Kd4 Kd8 37. Na4 Kc7 38. Nc5 Bc8 39. f4 Kc6 40. b4 Kb5 41. Kc3 a5 42. g4 fxe5 43. fxe5 g6 44. h4 axb4+ 45. axb4 Kc6 46. Kc4 Bd7 47. Nxd7 Kxd7 48. Kc5 Kc7 49. b5 1-0

[Event "27th Klatovy B 2019"]
[Site "Klatovy CZE"]
[Date "2019.06.29"]
[Round "1.42"]
[White "Bukvaj, Martin"]
[Black "Benes, Jachym"]
[Result "0-1"]
[WhiteElo "1220"]
[BlackElo "1653"]
[PlyCount "40"]
[EventDate "2019.06.29"]
[EventType "swiss"]
[EventRounds "9"]
[EventCountry "CZE"]

1. e4 c5 2. Nf3 d6 3. d4 cxd4 4. Nxd4 Nf6 5. Nc3 g6 6. Be3 Bg7 7. Bc4 O-O 8. f3 Nc6 9. Qd2 Bd7 10. O-O-O Rc8 11. Bb3 Ne5 12. g4 Nc4 13. Bxc4 Rxc4 14. h4 b5 15. Ndxb5 Qa5 16. Na3 Rb4 17. Nd5 Nxd5 18. Nc4 Qxa2 19. Qxd5 Rxc4 20. b3 Rxc2# 0-1

[Event "27th Klatovy B 2019"]
[Site "Klatovy CZE"]
[Date "2019.06.29"]
[Round "1.43"]
[White "Kovar, Vaclav 1953"]
[Black "Skalicky, Jindrich"]
[Result "1-0"]
[WhiteElo "1646"]
[BlackElo "1201"]
[PlyCount "53"]
[EventDate "2019.06.29"]
[EventType "swiss"]
[EventRounds "9"]
[EventCountry "CZE"]

1. d4 d5 2. c4 dxc4 3. Nc3 e6 4. e4 Nf6 5. Bxc4 Be7 6. Nf3 O-O 7. O-O b6 8. Bg5 Bb7 9. Qc2 Nbd7 10. Rfe1 c5 11. Rad1 Qc7 12. Nb5 Qd8 13. dxc5 bxc5 14. Ne5 a6 15. Bxf6 Bxf6 16. Nxd7 axb5 17. Nxf8 Qxf8 18. Bxb5 Ba6 19. Bxa6 Rxa6 20. b3 Qa8 21. a4 Rc6 22. e5 Be7 23. Rd7 Qa5 24. Red1 Bf8 25. Qe4 Qb6 26. Qf3 g6 27. Qxf7+ 1-0

[Event "27th Klatovy B 2019"]
[Site "Klatovy CZE"]
[Date "2019.06.29"]
[Round "1.44"]
[White "Valdman, Jakub"]
[Black "Leseticky, Vladimir"]
[Result "1/2-1/2"]
[WhiteElo "1191"]
[BlackElo "1631"]
[PlyCount "57"]
[EventDate "2019.06.29"]
[EventType "swiss"]
[EventRounds "9"]
[EventCountry "CZE"]

1. e4 d5 2. exd5 Nf6 3. Nf3 e6 4. Nc3 exd5 5. d4 Be7 6. Bd3 O-O 7. O-O Bg4 8. h3 Bh5 9. Re1 Nc6 10. Be3 Bb4 11. a3 Bxc3 12. bxc3 Ne4 13. Bd2 f5 14. Be2 Qf6 15. Rb1 Rab8 16. Rf1 Qd6 17. Ra1 a6 18. a4 Rbe8 19. Re1 Na5 20. Ne5 Bxe2 21. Qxe2 Nxd2 22. Qxd2 Nc4 23. Qe2 f4 24. Nxc4 Rxe2 25. Nxd6 Rxe1+ 26. Rxe1 cxd6 27. Re7 Rf7 28. Re8+ Rf8 29. Re7 1/2-1/2

[Event "27th Klatovy B 2019"]
[Site "Klatovy CZE"]
[Date "2019.06.29"]
[Round "1.45"]
[White "Rychtecky, Pavel"]
[Black "Vavrinkova, Marie"]
[Result "1-0"]
[WhiteElo "1630"]
[BlackElo "1185"]
[PlyCount "33"]
[EventDate "2019.06.29"]
[EventType "swiss"]
[EventRounds "9"]
[EventCountry "CZE"]

1. e4 e5 2. Nf3 Nf6 3. d4 Nxe4 4. Bd3 exd4 5. Bxe4 Qe7 6. O-O c5 7. Re1 d5 8. Bxd5 Be6 9. Bxe6 fxe6 10. Qe2 Kd7 11. Bg5 Qe8 12. Ne5+ Kc8 13. c3 Bd6 14. cxd4 cxd4 15. Qc4+ Nc6 16. Nxc6 bxc6 17. Qxd4 1-0

[Event "27th Klatovy B 2019"]
[Site "Klatovy CZE"]
[Date "2019.06.29"]
[Round "1.46"]
[White "Skutil, Frantisek Elias"]
[Black "Boucek, Vlastimil 1968"]
[Result "0-1"]
[WhiteElo "1106"]
[BlackElo "1629"]
[PlyCount "122"]
[EventDate "2019.06.29"]
[EventType "swiss"]
[EventRounds "9"]
[EventCountry "CZE"]

1. d4 d5 2. Nc3 Nf6 3. Bf4 c6 4. e3 Bf5 5. f3 e6 6. g4 Bg6 7. Bd3 Bd6 8. Nge2 Qc7 9. Bxg6 hxg6 10. Qd2 e5 11. dxe5 Bxe5 12. O-O-O Nbd7 13. Nd4 Bxf4 14. exf4 O-O-O 15. g5 Nh5 16. Nde2 Nc5 17. Qd4 b6 18. Qe5 Ne6 19. Qe3 Nhxf4 20. Qg1 Nh3 21. Qg2 Nhxg5 22. h4 Nf4 23. Qxg5 Ne6 24. Qg4 Kb7 25. Kb1 Rhe8 26. Rhe1 Qd6 27. Nd4 Nxd4 28. Rxe8 Rxe8 29. Qxd4 Qg3 30. Qg4 Qc7 31. Qd4 f5 32. Qg1 Qd6 33. Qd4 Re7 34. a3 Qg3 35. Rf1 Qd6 36. Rg1 Rd7 37. Qf2 d4 38. Rd1 Qe7 39. Ne2 c5 40. Ng3 Qxh4 41. Qg2 Qf6 42. f4+ Kb8 43. Qe2 Re7 44. Qg2 Re3 45. Qf2 Qe6 46. Ka1 Qe7 47. Qg1 c4 48. Qf2 Rxa3+ 49. Kb1 Re3 50. Rxd4 Re1+ 51. Ka2 Qb4 52. Qf3 Qa4+ 53. Qa3 Qxc2 54. Rd8+ Kb7 55. Rd7+ Kc8 56. Rd8+ Kxd8 57. Qd6+ Kc8 58. Qc6+ Kb8 59. Qd6+ Kb7 60. Qd7+ Ka6 61. Qc8+ Ka5 0-1

[Event "27th Klatovy B 2019"]
[Site "Klatovy CZE"]
[Date "2019.06.29"]
[Round "1.47"]
[White "Svec, Ludek"]
[Black "Berkovec, Jakub"]
[Result "1-0"]
[WhiteElo "1620"]
[BlackElo "1060"]
[PlyCount "85"]
[EventDate "2019.06.29"]
[EventType "swiss"]
[EventRounds "9"]
[EventCountry "CZE"]

1. d4 c5 2. d5 d6 3. g3 Nf6 4. Bg2 g6 5. Nf3 Bg7 6. O-O O-O 7. Re1 Bd7 8. Nc3 Na6 9. Bg5 Nc7 10. a4 a6 11. e4 b5 12. Qd2 Qb8 13. Ra2 Qb7 14. b3 Rfe8 15. Bh6 b4 16. Nd1 a5 17. Bxg7 Kxg7 18. Ng5 Rab8 19. Ne3 h5 20. Nc4 Ra8 21. Raa1 e5 22. Nxd6 Qb6 23. Nxe8+ Rxe8 24. Qd3 Ra8 25. Rad1 Bg4 26. Rd2 Qa6 27. Qxa6 Nxa6 28. h3 Bd7 29. Kh2 Kh6 30. Nf3 Kg7 31. Nxe5 Rd8 32. Nc4 Nc7 33. Nxa5 Ra8 34. Nc4 Rd8 35. e5 Nfe8 36. f4 f5 37. Nb6 Kh6 38. Red1 Kg7 39. e6 Bxe6 40. dxe6 Rxd2 41. Rxd2 Nxe6 42. Rd7+ Kh6 43. Nd5 1-0

[Event "27th Klatovy B 2019"]
[Site "Klatovy CZE"]
[Date "2019.06.29"]
[Round "1.48"]
[White "Roubal, Matyas"]
[Black "Kubat, Zbynek"]
[Result "1/2-1/2"]
[WhiteElo "1019"]
[BlackElo "1612"]
[PlyCount "73"]
[EventDate "2019.06.29"]
[EventType "swiss"]
[EventRounds "9"]
[EventCountry "CZE"]

1. e4 d5 2. exd5 Qxd5 3. Nc3 Qa5 4. d4 c6 5. Bd2 Qc7 6. Nf3 Bg4 7. Be2 e6 8. O-O Nf6 9. Re1 Bd6 10. h3 Bh5 11. Ne5 Bxe2 12. Qxe2 Nbd7 13. Bf4 Bxe5 14. dxe5 Nd5 15. Nxd5 cxd5 16. c3 Rc8 17. Qg4 g6 18. Bh6 Qc4 19. Qxc4 Rxc4 20. Re3 Rg8 21. Rae1 Rh4 22. Bg5 Ra4 23. a3 Nc5 24. Rd1 Ne4 25. b3 Nxg5 26. bxa4 Ne4 27. Rb1 Nc5 28. Rb5 b6 29. a5 Nd7 30. Re2 Ke7 31. f4 Rc8 32. Rc2 Rc4 33. g3 f6 34. exf6+ Kxf6 35. Kf2 Ra4 36. axb6 Nxb6 37. Rb3 1/2-1/2

[Event "27th Klatovy B 2019"]
[Site "Klatovy CZE"]
[Date "2019.06.29"]
[Round "1.49"]
[White "Privoznik, Lubos"]
[Black "Novy, Jaroslav"]
[Result "1/2-1/2"]
[WhiteElo "1610"]
[BlackElo "1632"]
[PlyCount "50"]
[EventDate "2019.06.29"]
[EventType "swiss"]
[EventRounds "9"]
[EventCountry "CZE"]

1. e4 e6 2. d4 d5 3. Nc3 Bb4 4. Bd3 c5 5. Bb5+ Nc6 6. e5 a6 7. Bxc6+ bxc6 8. a3 Bxc3+ 9. bxc3 Ne7 10. Bg5 Qa5 11. Bd2 O-O 12. Nf3 Rb8 13. Qc1 Qb5 14. a4 Qc4 15. a5 Bd7 16. Qa3 Ng6 17. Be3 cxd4 18. Bxd4 Qb5 19. Bc5 Rfc8 20. Qb4 Qxb4 21. cxb4 f6 22. exf6 gxf6 23. Kd2 Kf7 24. c3 e5 25. g3 Bg4 1/2-1/2

[Event "27th Klatovy B 2019"]
[Site "Klatovy CZE"]
[Date "2019.06.29"]
[Round "1.50"]
[White "Konig, Vlastislav 1957"]
[Black "Zimovcak, Zdenek"]
[Result "1/2-1/2"]
[WhiteElo "1630"]
[BlackElo "1600"]
[PlyCount "55"]
[EventDate "2019.06.29"]
[EventType "swiss"]
[EventRounds "9"]
[EventCountry "CZE"]

1. e4 e5 2. Nf3 d6 3. d4 Nd7 4. Bc4 c6 5. dxe5 dxe5 6. O-O Be7 7. Qe2 Ngf6 8. Rd1 Qc7 9. Nbd2 O-O 10. Nf1 b5 11. Bb3 Nc5 12. Ng3 Nxb3 13. cxb3 Bd7 14. Bd2 Rfe8 15. b4 h6 16. Rac1 a6 17. h3 Be6 18. b3 Rad8 19. Qe3 Nh7 20. Qc3 Rd6 21. Qxe5 Red8 22. Qc3 Bg5 23. Nxg5 Nxg5 24. Qc2 Qd7 25. Nf1 Bxh3 26. Bxg5 Qg4 27. f3 Qxg5 28. Rxd6 1/2-1/2

[Event "27th Klatovy B 2019"]
[Site "Klatovy CZE"]
[Date "2019.06.29"]
[Round "1.51"]
[White "Roskovec, Bedrich"]
[Black "Sobr, Vaclav"]
[Result "1-0"]
[WhiteElo "1597"]
[BlackElo "1498"]
[PlyCount "58"]
[EventDate "2019.06.29"]
[EventType "swiss"]
[EventRounds "9"]
[EventCountry "CZE"]

1. e4 Nc6 2. Nf3 g6 3. Bc4 e6 4. c3 a6 5. d4 d5 6. exd5 exd5 7. Bb3 Qe7+ 8. Be3 Be6 9. O-O O-O-O 10. Re1 Qd7 11. Ba4 b5 12. Bc2 Bd6 13. a4 Nb8 14. axb5 Qxb5 15. b4 c6 16. Bd3 Qb7 17. Qa4 Kc7 18. Bxa6 Nxa6 19. Qxa6 Qxa6 20. Rxa6 Rb8 21. Nbd2 h6 22. Nb3 Ne7 23. Nc5 Bxc5 24. dxc5 Ra8 25. Bf4+ Kd7 26. Ne5+ Kc7 27. Nxc6+ Kb7 28. Rb6+ Kc8 29. Nxe7+ Kd8 1-0

[Event "27th Klatovy B 2019"]
[Site "Klatovy CZE"]
[Date "2019.06.29"]
[Round "1.52"]
[White "Popov, Roman4"]
[Black "Kalab, Jaromir"]
[Result "1/2-1/2"]
[WhiteElo "1239"]
[BlackElo "1577"]
[PlyCount "57"]
[EventDate "2019.06.29"]
[EventType "swiss"]
[EventRounds "9"]
[EventCountry "CZE"]

1. e4 e5 2. Nf3 Nc6 3. Nc3 Nf6 4. d4 exd4 5. Nxd4 Nxd4 6. Qxd4 d6 7. Bf4 Be6 8. f3 Be7 9. O-O-O O-O 10. g4 Nd7 11. Be2 Bg5 12. Qe3 Bxf4 13. Qxf4 Qh4 14. Qe3 Ne5 15. g5 f5 16. gxf6 Rxf6 17. Rdg1 c6 18. Rg2 Raf8 19. Rg3 b5 20. Qxa7 Qh6+ 21. Kb1 Nxf3 22. Bxf3 Rxf3 23. Rxf3 Rxf3 24. Qa8+ Rf8 25. Qxc6 Qxh2 26. Rc1 b4 27. Nd5 Qd2 28. Rh1 Qg2 29. Rd1 1/2-1/2

[Event "27th Klatovy B 2019"]
[Site "Klatovy CZE"]
[Date "2019.06.29"]
[Round "1.53"]
[White "Trcka, Bohdan"]
[Black "Kasik, Denis"]
[Result "1-0"]
[WhiteElo "1569"]
[BlackElo "1208"]
[PlyCount "53"]
[EventDate "2019.06.29"]
[EventType "swiss"]
[EventRounds "9"]
[EventCountry "CZE"]

1. e4 c5 2. f4 Nc6 3. c3 e6 4. Be2 e5 5. d3 Bd6 6. f5 Qe7 7. h4 b6 8. Na3 Ba6 9. g4 O-O-O 10. Qa4 Bb7 11. Nb5 a6 12. Nxd6+ Qxd6 13. Qb3 Nce7 14. Qxf7 Re8 15. Qxe8+ Kc7 16. Qf7 Nf6 17. g5 Ng4 18. Qxg7 Nxf5 19. Qxh8 Ng3 20. Rh3 Nxe2 21. Nxe2 c4 22. d4 Bxe4 23. Rg3 Nh2 24. Qxe5 Qxe5 25. dxe5 a5 26. Bf4 Kb7 27. O-O-O 1-0

[Event "27th Klatovy B 2019"]
[Site "Klatovy CZE"]
[Date "2019.06.29"]
[Round "1.54"]
[White "Bukvaj, Jan"]
[Black "Vorsilka, Jiri"]
[Result "0-1"]
[WhiteElo "1158"]
[BlackElo "1568"]
[PlyCount "72"]
[EventDate "2019.06.29"]
[EventType "swiss"]
[EventRounds "9"]
[EventCountry "CZE"]

1. e4 c5 2. Nf3 d6 3. d4 cxd4 4. Nxd4 Nf6 5. Nc3 a6 6. Be3 e5 7. Nb3 Be7 8. g3 Be6 9. Bg2 O-O 10. Na4 Nbd7 11. O-O b5 12. Nc3 Nb6 13. Bxb6 Qxb6 14. a4 b4 15. a5 Qb7 16. Nd5 Bxd5 17. exd5 Rac8 18. Qd3 Rc7 19. Rac1 Rfc8 20. f4 Qa7+ 21. Kh1 Ng4 22. Qd2 Qe3 23. Qxe3 Nxe3 24. Na1 Nxf1 25. Bxf1 exf4 26. gxf4 Bf6 27. Rb1 b3 28. c3 Rb8 29. Bxa6 Ra7 30. Bc4 Rxa5 31. Nxb3 Ra4 32. Nd2 Bxc3 33. Bb3 Rd4 34. bxc3 Rxd2 35. Ba2 Rxb1+ 36. Bxb1 Rd1+ 0-1